000 00906na a2200277 4500
001 21133
003 MIRAKIL
005 20181213155242.0
008 170201b tu 000 0
035 _a21133
040 _aMilas
_btur
_cTR-AnCHP
041 _atur
082 _a324.2382
_bA22a [t.y.]
090 _a324.2382 A22a [t.y.]
110 _aAdalet ve Kakınma Partisi (AKP)
245 _aAk Parti iktidarında tarım destekleri ve çiftçilerimiz
_cAk Parti Tanıtım ve Medya Başkanlığı
260 _aAnkara
_bAKP
_c[t.y.]
300 _a55 s.
_c21 sm.
500 _aDış kapakta: Herşey Türkiye için
610 _aAKP
_xTarım
_yÇiftçiler
610 _aAKP
_xPropaganda ve ideolojiler
650 _aSiyasal partiler
_xParti türleri
_yDinci partiler
_zTürkiye
710 _aAk Parti Tanıtım ve Medya Başkanlığı
830 _aAdalet ve Kalkınma Partisi
942 _2ddc
_cBKS
999 _c9311
_d9311